[Event "FRA-chT3 Gr01 0607"]
[Site "France"]
[Date "2007.01.21"]
[Round "5.7"]
[White "Barbet, Megan"]
[Black "Lebel Arias, Julia"]
[Result "0-1"]
[WhiteElo "1610"]
[BlackElo "1989"]
[PlyCount "92"]
[EventDate "2006.10.15"]
[EventType "team"]
[EventRounds "9"]
[EventCountry "FRA"]
[SourceTitle "EXT 2008"]
[Source "ChessBase"]
[SourceDate "2007.11.25"]
[SourceVersion "1"]
[SourceVersionDate "2007.11.25"]
[SourceQuality "1"]

1. e4 g6 2. d4 Bg7 3. Nf3 c6 4. c3 d6 5. Bd3 Nd7 6. 0-0 e5 7. dxe5 dxe5 8. Bc4 Qe7 9. Ng5 Nh6 10. Nf3 0-0 11. Bg5 Qc5 12. Bb3 Kh8 13. Qd2 Ng8 14. Na3 b5 15. Nc2 f6 16. Be3 Qe7 17. a4 Nc5 18. Bxc5 Qxc5 19. Rfd1 Bg4 20. Qd6 Qb6 21. axb5 Qxb5 22. Qb4 Rab8 23. Rxa7 Qe2 24. Rd2 Rxb4 25. Rxe2 Rxb3 26. Nb4 c5 27. Nd5 Rfb8 28. h3 Bxf3 29. gxf3 R3b7 30. Ra5 Bf8 31. Kg2 Kg7 32. f4 exf4 33. Nxf4 Kf7 34. e5 fxe5 35. Rxe5 Bd6 36. Re4 Nf6 37. Rc4 Bxf4 38. Rxf4 Rxb2 39. Rxc5 R2b6 40. c4 Ke6 41. f3 Rd8 42. Rh4 Rd2+ 43. Kg3 h5 44. Rc8 g5 45. Rxh5 Nxh5+ 46. Kg4 Nf4 0-1

[Event "FRA-chT3 Gr01 0607"]
[Site "France"]
[Date "2006.10.15"]
[Round "1.6"]
[White "Robert, Bastien"]
[Black "Barbet, Megan"]
[Result "1-0"]
[WhiteElo "1963"]
[BlackElo "1620"]
[PlyCount "97"]
[EventDate "2006.10.15"]
[EventType "team"]
[EventRounds "9"]
[EventCountry "FRA"]
[SourceTitle "EXT 2008"]
[Source "ChessBase"]
[SourceDate "2007.11.25"]
[SourceVersion "1"]
[SourceVersionDate "2007.11.25"]
[SourceQuality "1"]

1. d4 d5 2. c4 c6 3. Nc3 g6 4. Nf3 Nf6 5. Bf4 Bg7 6. e3 0-0 7. h3 Bf5 8. c5 Nbd7 9. b4 b5 10. Be2 Re8 11. a4 a6 12. 0-0 Ne4 13. Nxe4 Bxe4 14. Ne5 Nxe5 15. Bxe5 Bxe5 16. dxe5 Qc7 17. Qd4 bxa4 18. Rxa4 a5 19. Rfa1 Qb7 20. bxa5 Ra7 21. Rb4 Qc7 22. Rb6 Rb8 23. Qb2 Rba8 24. a6 Bf5 25. f4 Qc8 26. Kh2 Be4 27. Rb7 g5 28. Bg4 e6 29. Qb6 Rxb7 30. axb7 Qxb7 31. Qxb7 Rxa1 32. Bf3 Bxf3 33. gxf3 gxf4 34. exf4 h5 35. Qxc6 Ra3 36. Qe8+ Kg7 37. Kg3 h4+ 38. Kg4 Ra1 39. c6 Kg6 40. Qg8+ Kh6 41. Qh8+ Kg6 42. Qf6+ Kh7 43. Qxf7+ Kh8 44. c7 Ra8 45. Qxe6 Kg7 46. Qf6+ Kh7 47. Kh5 Rd8 48. Qg6+ Kh8 49. cxd8R# 1-0